Quali sono i paesi con più vulcani? - Statistics

Statistiche generali
  • Questo quiz è stato fatto 54 volte
  • Il punteggio medio è 7 su 10
Statistiche sulle risposte
Hint Risposta % Corretto
165 Stati Uniti
98%
122 Giappone
89%
117 Russia
89%
120 Indonesia
87%
38 Filippine
79%
91 Cile
74%
35 Islanda
68%
24 Nuova Zelanda
55%
52 Etiopia
19%
46 Papa Nuova Guinea
4%
Nessun quiz corrispondente trovato
Distribuzione punteggi
Percentuale di utenti per punteggio
Percentile per numero di risposta
I tuoi punteggi nel tempo
Non hai fatto questo quiz